MARC

LEADER 00000nam0a2200000 4500
001 140178
005 20251002114020.0
010 |a 9781402039928 
035 |a (RuTPU)RU\TPU\book\151849 
090 |a 140178 
100 |a 20080621d2007 km y0engy50 ba 
101 0 |a eng 
102 |a NL 
105 |a a f 001zy 
200 1 |a Encyclopedia of Geomagnetism and Paleomagnetism  |f edited by D. Gubbins, E. Herrero-Bervera 
210 |a Dordrecht  |c Springer  |d 2007 
215 |a 1054 p.  |c il. 
225 1 |a Encyclopedia of Earth Sciences Series 
320 |a Index: p. 1023-1054. 
610 1 |a геология 
610 1 |a геомагнетизм 
610 1 |a палеомагнетизм 
610 1 |a энциклопедии 
610 1 |a английский язык 
675 |a 550.38(031)  |v 3 
675 |a 550.384(031)  |v 3 
702 1 |a Gubbins  |b D.  |g David  |4 340 
702 1 |a Herrero-Bervera  |b E.  |g Emilio  |4 340 
801 1 |a RU  |b 63413507  |c 20080621  |g PSBO 
801 2 |a RU  |b 63413507  |c 20100914  |g PSBO 
942 |c BK